000 00327nam a22001457a 4500
008 230124b ||||| |||| 00| 0 eng d
020 _a9781946158826
041 _aeng
080 _2THIRD EDITION
_a004
082 _a004HAW
100 _a19
101 _aSTA
245 _aSTATISTICS AND DATA
_cHAWKES S J
942 _2udc
_cBK
999 _c59256
_d59256